Сид | Вальпургиева ночь (Запис номер 519619)
[ съкратено ]
| 000 -Лидер | |
|---|---|
| Лидер | 01305njm a2200313 a 4500 |
| 003 - Код на организацията, давaща контролен номер | |
| Код на организацията, даваща контролен номер | BLK |
| 005 - Дата и час на последна редакция | |
| Дата и час на последна редакция | 20241207154833.0 |
| 007 - Фиксирано поле за физическо описани | |
| Физическо описание | sd bsmennmp|nu |
| 008 - Елементи от данни с фиксирана дължина | |
| Елементи с фиксирана дължина | 240823n ru ||nng d |
| 028 ## - PUBLISHER NUMBER | |
| Издателски номер | 03589-90 |
| 040 ## - Източник на каталожния запис | |
| Transcribing agency | BLK |
| Код на библиотеката | BLK |
| 041 ## - Код за език | |
| Език на записа | Английски |
| -- | Руски |
| Език за КДБФ | Руски |
| 080 ## - УДК | |
| УДК текст | Балети |
| УДК код | 78.085.5 |
| УДК – определител | (086.7) |
| УДК – код + определител | 78.085.5(086.7) |
| 080 ## - УДК | |
| УДК текст | Опера. Музикална драма. Романтична опера. Опера-приказка |
| УДК код | 782.1 |
| УДК – определител | (086.7) |
| УДК – код + определител | 782.1(086.7) |
| 100 1# - Редна дума - Автор | |
| Автор | Массне, Жюлем |
| R(LIN) | 94007 |
| 245 ## - Сведения за заглавието | |
| Заглавие | Сид |
| Подзаглавни данни | Фрагменты иц оперы |
| Авторска отговорност | Ж. Массне |
| 245 ## - Сведения за заглавието | |
| Заглавие | Вальпургиева ночь |
| Подзаглавни данни | Балетная музыка из оперы "Фауст" |
| Авторска отговорност | Ш. Гуно |
| 260 ## - Област на издателските данни | |
| Място на издаване | Москва |
| Име на издателя | Мелодия |
| Година на издаване | 1978 |
| 300 ## - Физическа характеристика | |
| Брой страници | 1 грамофонна плоча |
| Илюстрации | 33 об/мин, стерео |
| Размер | 30 см |
| 380 ## - Жанр | |
| Жанр | Изкуство |
| 650 #0 - Допълнително описание по предмет – тема | |
| 9 (RLIN) | 276886 |
| Предметна рубрика | Балет, руски |
| 650 #0 - Допълнително описание по предмет – тема | |
| Предметна рубрика | Музика, балетна |
| 9 (RLIN) | 301579 |
| 650 #7 - Допълнително описание по предмет – тема | |
| 9 (RLIN) | 165008 |
| Предметна рубрика | Опера |
| 700 ## - Други автори (авторска отговорност) | |
| Друг автор | Гуно, Шарль Франсоа |
| Звания и думи, свързани с автора | френски композитор |
| Друга информация | 1818 - 1893 |
| 9 (RLIN) | 315002 |
| 852 ## - Местоположение | |
| Сигнатура (форматна) | Ф ІІ 3037 |
| Отдел | Хранилище |
| 856 ## - Електронен адрес и достъп | |
| Инструкция (цена за достъп) | 0.00 |
| Права за достъп | disable |
| 942 ## - АРТИКУЛИ | |
| Вид на библиотечния документ | Грамофонни плочи |
| Скрит в OPAC | Не |
| 944 ## - СЪЗДАВАНЕ И РЕДАКЦИЯ на ЗАПИСА | |
| Дата на регистрацията/редакция | Моника Янева |
| Служител, извършил регистрацията/редакцията | 30560 |
| Статус, дата на статуса | Геновева Генчева |
| Създаване/Редакция | |
| 999 ## - СИСТЕМНИ КОНТРОЛНИ НОМЕРА | |
| Koha biblionumber | 519619 |
| Koha biblioitemnumber | 519619 |
| Код за отписване | Код за изгубен артикул | Източник на класификационната схема | Код за повреда | Коз за рестрикции | Код за отдаване | Артикулен № | Име на библиотеката - собственик | Име на библиотеката, в която се намира в момента | Статус (Текущо местоположение) | Дата на вписване в системата | Местоположение - отдел | Цена в лева | Инвентарен номер | Систематично азбучна сигнатура | Баркод | Номер на екземпляра | Цена в евро | Служебен тип на артикула |
|---|---|---|---|---|---|---|---|---|---|---|---|---|---|---|---|---|---|---|
| Изтеглен | Не е изгубен | Universal Decimal Classification | Не е повреден | без рестрикции | ползва се в читалня | 364576 | Регионална библиотека "Любен Каравелов" Русе | Регионална библиотека "Любен Каравелов" Русе | Отдел Изкуство - читалня | 2004-01-23 | Отдел Изкуство - читалня | 2.50 | 260000020588 | Цб Ф ІІ 3037 | 260000020588 | 1 | 1.28 | Грамофонни плочи |
| Не е изгубен | Universal Decimal Classification | Не е повреден | само за читалня | ползва се в читалня | 952285 | Регионална библиотека "Любен Каравелов" Русе | Регионална библиотека "Любен Каравелов" Русе | Хранилище | 2024-10-17 | Основен фонд - ползва се само за читалня | 3.00 | 20588 | Ф ІІ 3037 | 900000109010 | 1.53 | Грамофонни плочи |